Principios de fonología /

Detalles Bibliográficos
Autor principal: Trubet︠s︡koĭ, Nikolaĭ Sergeevich, kni︠a︡zʹ, 1890-1938 (Autor)
Otros Autores: Herrera, Esther (Traductor), Herbert Knapp, Michael (Traductor)
Formato: Electrónico eBook
Lenguaje:español
alemán
Publicado: Ciudad de México, México : El Colegio de México, 2023.
Edición:Primera edición electrónica.
Colección:Estudios de lingüística (Colegio de México. Centro de Estudios Lingüísticos y Literarios) ; 33.
Materias:
Acceso en línea:Digitalia Hispánica

MARC

LEADER 00000nam a2200000 i 4500
001 DIGCOLMX0510
003 NyNyDIG
006 m o d
007 cr |||||||||||
008 231209t20232019mx a ob 001 0 spa d
035 |a (OCoLC)1414666858 
040 |a DGITA  |b eng  |e rda  |e pn  |c DGITA 
020 |a 9786075641997  |q electrónico 
020 |z 9786076287651  |q impreso 
041 1 |a spa  |h ger 
050 1 4 |a P215 ebook 
100 1 |a Trubet︠s︡koĭ, Nikolaĭ Sergeevich,  |c kni︠a︡zʹ,  |d 1890-1938,  |e author. 
240 1 0 |a Grundzüge der Phonologie.  |l Spanish  |s (Herrera and Herbert Kanpp) 
245 1 0 |a Principios de fonología /  |c N.S Trubetzkoy ; nueva traducción y versión crítica Esther Herrera Zendejas y Michael Herbert Knapp. 
250 |a Primera edición electrónica. 
264 1 |a Ciudad de México, México :  |b El Colegio de México,  |c 2023. 
264 4 |c ©2019 
300 |a 1 online resource :  |b illustrations. 
336 |a text  |b txt  |2 rdacontent 
337 |a computer file  |b c  |2 rdamedia 
338 |a online resource  |b cr  |2 rdacarrier 
347 |a text file  |2 rdaft 
347 |b EPUB 
490 1 |a Estudios de lingüística ;  |v XXXIII 
504 |a Includes bibliographical references and Index. 
588 0 |a Online resource; title from ePub title page (Digitalia, viewed December 9, 2023) 
650 0 |a Grammar, Comparative and general  |x Phonology. 
650 0 |a Phonetics. 
700 1 |a Herrera, Esther,  |e translator. 
700 1 |a Herbert Knapp, Michael,  |e translator. 
700 1 |i Translation of:  |a Trubet︠s︡koĭ, Nikolaĭ Sergeevich,  |c kni︠a︡zʹ,  |d 1890-1938.  |t Grundzüge der Phonologie. 
776 0 8 |i Print version:  |a Trubet︠s︡koĭ, Nikolaĭ Sergeevich, kni︠a︡zʹ, 1890-1938.  |s Grundzüge der Phonologie. Spanish (Herrera and Herbert Kanpp).  |t Principios de fonología.  |b Primera edición impresa.  |d Ciudad de México, México : El Colegio de México, 2019  |z 9786076287651 
791 2 |a Digitalia (Firm),  |e distributor. 
793 0 |g Digitalia eBook Collection:  |a El Colegio de México 
830 0 |a Estudios de lingüística (Colegio de México. Centro de Estudios Lingüísticos y Literarios) ;  |v 33. 
856 4 0 |3 Digitalia Hispánica  |u https://www.digitaliapublishing.com/a/131879/ 
910 |a Premium collection: 2023